Biện pháp quản lý công tác kiểm tra nội bộ tại các trường tiểu học trên địa bàn quận Liên Chiểu thành phố Đà Nẵng

Nghiên cứu cơ sở lý luận về quản lý công tác kiểm tra nội bộ (KTNB) trường Tiểu Học. Khảo sát, phân tích về thực trạng tình hình thực hiện công tác KTNB và quản lý công tác KTNB tại các trường TH trên địa bàn quận Liên Lhiểu, thành phố Đà Nẵng. Đề xuất các biện pháp quản lý công tác KTNB tại các trƣ...

Description complète

Enregistré dans:
Détails bibliographiques
Auteur principal: Phạm Viết Hùng
Autres auteurs: Phan Minh Tiến PGS.TS. (Hướng dẫn)
Format: Livre
Langue:Vietnamese
Publié: Đà Nẵng Đại học Đà Nẵng 2016
Sujets:
Tags: Ajouter un tag
Pas de tags, Soyez le premier à ajouter un tag!
Thư viện lưu trữ: Mạng thư viện Đại học Đà Nẵng
LEADER 01990nam a2200349 4500
001 000023853
003 20306
005 20160329150304.0
008 160318s2016 viesd
041 |a vie 
082 1 4 |a 372.12  |b PH-H 
100 1 |a Phạm Viết Hùng 
245 1 |a Biện pháp quản lý công tác kiểm tra nội bộ tại các trường tiểu học trên địa bàn quận Liên Chiểu thành phố Đà Nẵng  |c Phạm Viết Hùng ; Phan Minh Tiến hướng dẫn.  |k Luận văn Thạc sĩ 
260 |a Đà Nẵng  |b Đại học Đà Nẵng  |c 2016 
300 |a 110 tr. ; phụ lục 3 tr.  |c 29 cm.  |e Tóm tắt 
500 |a Luận văn thạc sĩ. Chuyên ngành: Quản lý giáo dục. Mã số: 60.14.01.14 
520 3 |a Nghiên cứu cơ sở lý luận về quản lý công tác kiểm tra nội bộ (KTNB) trường Tiểu Học. Khảo sát, phân tích về thực trạng tình hình thực hiện công tác KTNB và quản lý công tác KTNB tại các trường TH trên địa bàn quận Liên Lhiểu, thành phố Đà Nẵng. Đề xuất các biện pháp quản lý công tác KTNB tại các trƣờng TH trên địa bàn quận Liên Chiểu, thành phố Đà Nẵng. 
650 0 4 |a Giáo dục tiểu học  |v Luận văn tốt nghiệp  |x Kiểm tra nội bộ  |x Nghiên cứu  |z Đà Nẵng 
653 |a Kiểm tra nội bộ 
653 |a Giáo dục tiểu học 
653 |a Quản lý giáo dục 
700 1 |a Phan Minh Tiến  |c PGS.TS.  |e Hướng dẫn 
OWN |a LSP 
AVA |a UDN50  |b LSP  |d 372.12 PH-H  |e available  |t Error 5001 Not defined in file expand_doc_bib_avail.  |f 1  |g 0  |h N  |i 0  |k 1 
999 |a From the UDN01 
AVA |a UDN50  |b LSP  |d 372.12 PH-H  |e available  |t Error 5001 Not defined in file expand_doc_bib_avail.  |f 1  |g 0  |h N  |i 0  |k 1 
TYP |a Monograph 
TYP |a Printed language 
980 |a Mạng thư viện Đại học Đà Nẵng